<?xml version="1.0" encoding="UTF-8"?>
<record
    xmlns:xsi="http://www.w3.org/2001/XMLSchema-instance"
    xsi:schemaLocation="http://www.loc.gov/MARC21/slim http://www.loc.gov/standards/marcxml/schema/MARC21slim.xsd"
    xmlns="http://www.loc.gov/MARC21/slim">

  <leader>00828nam a2200217 a 4500</leader>
  <controlfield tag="001">BRCA_2217</controlfield>
  <controlfield tag="005">20190320203722.0</controlfield>
  <controlfield tag="008">920327s1991    be-a---##b---#000-0#fre-d</controlfield>
  <datafield tag="020" ind1=" " ind2=" ">
    <subfield code="a">9069880474</subfield>
  </datafield>
  <datafield tag="040" ind1=" " ind2=" ">
    <subfield code="a">RBN</subfield>
    <subfield code="c">RBN</subfield>
    <subfield code="d">IXA</subfield>
  </datafield>
  <datafield tag="050" ind1=" " ind2="4">
    <subfield code="a">N7125</subfield>
    <subfield code="b">.F45 1991</subfield>
  </datafield>
  <datafield tag="245" ind1="1" ind2="0">
    <subfield code="a">Feitorias</subfield>
    <subfield code="b">l&#xB4;art au Portugal au temps des grandes d&#xE9;couvertes (fin XIVe si&#xE8;cle jusqu&#xB4;&#xE0; 1548).</subfield>
  </datafield>
  <datafield tag="260" ind1=" " ind2=" ">
    <subfield code="a">Bruselas</subfield>
    <subfield code="b">Fondation Europalia International</subfield>
    <subfield code="c">1991.</subfield>
  </datafield>
  <datafield tag="300" ind1=" " ind2=" ">
    <subfield code="a">259 p.</subfield>
    <subfield code="b">il. (principalmente a color)</subfield>
    <subfield code="c">30 cm.</subfield>
  </datafield>
  <datafield tag="504" ind1=" " ind2=" ">
    <subfield code="a">Bibliograf&#xED;a : p. 251-257.</subfield>
  </datafield>
  <datafield tag="650" ind1="1" ind2="4">
    <subfield code="a">Arte renacentista</subfield>
    <subfield code="v">Exposiciones.</subfield>
    <subfield code="z">Portugal</subfield>
    <subfield code="9">6666</subfield>
  </datafield>
  <datafield tag="650" ind1="1" ind2="4">
    <subfield code="a">Arte portugu&#xE9;s</subfield>
    <subfield code="v">Exposiciones.</subfield>
    <subfield code="x">Influencias flamencas</subfield>
    <subfield code="9">6667</subfield>
  </datafield>
  <datafield tag="710" ind1="2" ind2=" ">
    <subfield code="a">Koninklijk Museum voor Schone Kunsten (B&#xE9;lgica)</subfield>
    <subfield code="9">6668</subfield>
  </datafield>
  <datafield tag="711" ind1="2" ind2=" ">
    <subfield code="a">Europalia</subfield>
    <subfield code="d">(1991</subfield>
    <subfield code="c">Antwerp, B&#xE9;lgica)</subfield>
    <subfield code="9">6669</subfield>
  </datafield>
  <datafield tag="942" ind1=" " ind2=" ">
    <subfield code="2">lcc</subfield>
    <subfield code="c">B</subfield>
  </datafield>
  <datafield tag="999" ind1=" " ind2=" ">
    <subfield code="c">1970</subfield>
    <subfield code="d">1970</subfield>
  </datafield>
  <datafield tag="952" ind1=" " ind2=" ">
    <subfield code="0">0</subfield>
    <subfield code="1">0</subfield>
    <subfield code="4">0</subfield>
    <subfield code="7">0</subfield>
    <subfield code="a">BRCA</subfield>
    <subfield code="b">BRCA</subfield>
    <subfield code="d">2008-08-14</subfield>
    <subfield code="l">0</subfield>
    <subfield code="o">N7125 .F45 1991</subfield>
    <subfield code="p">02266</subfield>
    <subfield code="r">2019-03-22 00:00:00</subfield>
    <subfield code="w">2019-03-22</subfield>
    <subfield code="y">B</subfield>
  </datafield>
</record>
